00743nam a2200241 a 4500001001300000003000900013005001700022008004100039020001200080082001600092100002200108245007000130260003900200300000900239500003500248505001000283650002700293700002200320902000800342942000700350952013100357999001300488nice12345678IN_TiNIC20260116011310.0050524s1954 newa grp 000 0 eng  ac126.500a296.38bCRO aCronbach, Abraham aJudaism for Todayb Jewish Thoughts for Contemporary Jewish Youth aNew YorkbBookman Associatesc1954 a148p aincludes index and biblioraphy2 aindex aJudaism-Moral Theology1 aCronbach, Abraham bSRS cBK 001040708StackRoom-aHMIbHMId2007-07-27g126.50l2m1o296.38 CROp02261r2018-08-07s2018-07-19v126.50w2005-05-24yBK c285d285